000
00312 a2200157 4500
001
190547
020
_a
978-0-7534-3063-7
040
_c
Magnum
100
_a
Morris, Heather
240
1
0
_a
Weather
_l
ING
245
1
0
_a
Weather
300
_a
32
362
0
_a
2012
697
_a
LITERATURA INGLESA
942
_c
BK
999
_c
190547
_d
190547